[Event "OL-NORD WEST 1617 Post VSV Uelzen - Del"]
[Site "?"]
[Date "2017.04.23"]
[Round "8.8"]
[White "Untiedt, Jan Niklas"]
[Black "Steffens, Oliver"]
[Result "0-1"]
[WhiteElo "1922"]
[BlackElo "1987"]
[PlyCount "77"]
[EventDate "2017.??.??"]

1. e4 c5 2. Nf3 Nc6 3. d4 cxd4 4. Nxd4 Nf6 5. Nc3 e5 6. Ndb5 d6 7. Bg5 a6 8.
Na3 b5 9. Bxf6 gxf6 10. Nd5 f5 11. exf5 Bxf5 12. c3 Bg7 13. Nc2 O-O 14. Be2 Be6
15. O-O f5 16. f4 Ne7 17. Bf3 Rc8 18. Nxe7+ Qxe7 19. Bd5 Rc5 20. Bxe6+ Qxe6 21.
Qe2 e4 22. Rfd1 Rd5 23. Nb4 Rxd1+ 24. Rxd1 d5 25. Nxd5 Rd8 26. Ne3 Rxd1+ 27.
Qxd1 Qxa2 28. Qd5+ Qxd5 29. Nxd5 Bf8 30. g4 fxg4 31. Kf2 Bc5+ 32. Ke2 Kf7 33.
Nc7 Bd6 34. Nxa6 Bxf4 35. Nc5 Bxh2 36. Nxe4 h5 37. Kf2 Ke6 38. b3 Ke5 39. Nc5
0-1

[Event "OL-NORD WEST 1617 SF Hannover - SV Hell"]
[Site "?"]
[Date "2017.04.23"]
[Round "8.1"]
[White "Lingnau, Carsten"]
[Black "Schirm, Friedmar"]
[Result "1-0"]
[WhiteElo "2413"]
[BlackElo "2238"]
[PlyCount "47"]
[EventDate "2017.??.??"]

1. Nf3 Nf6 2. c4 e6 3. Nc3 d5 4. d4 Be7 5. Bf4 O-O 6. e3 c5 7. dxc5 Qa5 8. Nd2
dxc4 9. Nxc4 Qxc5 10. Bd6 Bxd6 11. Qxd6 Na6 12. Be2 Rb8 13. Rc1 b5 14. Qxc5
Nxc5 15. Ne5 Ba6 16. b4 Nce4 17. Nxe4 Nxe4 18. f3 Nf6 19. e4 Rfc8 20. Kf2 Kf8
21. a4 Rb6 22. Rxc8+ Bxc8 23. Rc1 Ba6 24. a5 1-0

[Event "OL-NORD WEST 1617 SF Hannover - SV Hell"]
[Site "?"]
[Date "2017.04.23"]
[Round "8.2"]
[White "Ackermann, Dennie"]
[Black "Hummel, Dirk"]
[Result "0-1"]
[WhiteElo "2169"]
[BlackElo "2282"]
[PlyCount "90"]
[EventDate "2017.??.??"]

1. e4 e5 2. Nf3 Nc6 3. Bc4 Bc5 4. b4 Bxb4 5. c3 Bc5 6. d4 exd4 7. O-O d6 8.
cxd4 Bb6 9. d5 Na5 10. Bb2 Nf6 11. Bd3 O-O 12. Nc3 Bg4 13. Na4 Re8 14. Re1 Nd7
15. h3 Bxf3 16. Qxf3 Ne5 17. Qg3 f6 18. Nxb6 axb6 19. Bc2 Nac4 20. Bc3 Ra3 21.
f4 Nd7 22. Qd3 b5 23. e5 g6 24. e6 Ndb6 25. Qd4 Qe7 26. Bb4 Raa8 27. g4 c5 28.
dxc6 bxc6 29. Bc3 Nd5 30. f5 Nxc3 31. Qxc3 Ra3 32. Bb3 d5 33. Qd4 Rd8 34. fxg6
hxg6 35. Bc2 Qd6 36. Qf2 Rg3+ 37. Kf1 Rxh3 38. Kg1 Rg3+ 39. Kh1 Kg7 40. Bxg6
Rh8+ 41. Bh5 Rxg4 42. Qf5 Rg5 43. Qxg5+ fxg5 44. e7 Rxh5+ 45. Kg2 Rh2+ 0-1

[Event "OL-NORD WEST 1617 SF Hannover - SV Hell"]
[Site "?"]
[Date "2017.04.23"]
[Round "8.3"]
[White "Gronde, Ingo"]
[Black "Boekm, Juergen"]
[Result "0-1"]
[WhiteElo "2215"]
[BlackElo "2180"]
[PlyCount "99"]
[EventDate "2017.??.??"]

1. e4 e5 2. Nf3 Nc6 3. d4 exd4 4. Nxd4 Bc5 5. Be3 Qf6 6. c3 Nge7 7. Bc4 O-O 8.
O-O b6 9. f4 d5 10. e5 Qh6 11. Be2 Nxe5 12. Nc2 Nd7 13. Bf3 Bb7 14. c4 Bxe3+
15. Nxe3 Qxf4 16. Qd2 Qd6 17. cxd5 Nf6 18. Nc3 c6 19. Rad1 cxd5 20. Ncxd5 Nexd5
21. Nxd5 Qc5+ 22. Qd4 Qxd4+ 23. Rxd4 Bxd5 24. Bxd5 Rad8 25. Rfd1 Rd7 26. Bb3
Rfd8 27. Rxd7 Rxd7 28. Rxd7 Nxd7 29. Kf2 Kf8 30. Ke3 Ke7 31. Kd4 Nc5 32. Bc2 h6
33. Kd5 Kd7 34. b4 Nb7 35. Ba4+ Kc7 36. h4 Nd6 37. g4 Nc8 38. g5 hxg5 39. hxg5
Ne7+ 40. Ke4 Kd6 41. Bb3 f6 42. gxf6 gxf6 43. Bc4 f5+ 44. Kf4 Nd5+ 45. Kf3 Nxb4
46. Kf4 Kc5 47. Bf7 Nd3+ 48. Kxf5 Kb4 49. Ke6 Kc5 50. Kd7 0-1

[Event "OL-NORD WEST 1617 SF Hannover - SV Hell"]
[Site "?"]
[Date "2017.04.23"]
[Round "8.4"]
[White "Ewert, Hannes"]
[Black "Kaimer, Thomas"]
[Result "1/2-1/2"]
[WhiteElo "2236"]
[BlackElo "2199"]
[PlyCount "121"]
[EventDate "2017.??.??"]

1. e4 c5 2. Nf3 Nc6 3. d4 cxd4 4. Nxd4 g6 5. Nc3 Bg7 6. Be3 Nf6 7. Bc4 O-O 8.
Bb3 d6 9. h3 Bd7 10. O-O Na5 11. Qd3 Nxb3 12. axb3 a6 13. f4 Qc7 14. Rf2 e5 15.
Nde2 Bc6 16. Raf1 Rad8 17. f5 d5 18. Bg5 dxe4 19. Qe3 Rd6 20. Ng3 b5 21. Bxf6
Rxf6 22. Ncxe4 Bxe4 23. Qxe4 Qb6 24. Kh1 Rd6 25. c3 a5 26. Qg4 Rfd8 27. Ne4 Rd3
28. fxg6 fxg6 29. Nf6+ Bxf6 30. Rxf6 R3d6 31. Qh4 Rxf6 32. Rxf6 Rd1+ 33. Kh2
Qg1+ 34. Kg3 Qe1+ 35. Kg4 Qe2+ 36. Kg3 Qe1+ 37. Kg4 Qe4+ 38. Kg3 Rd3+ 39. Rf3
Qxh4+ 40. Kxh4 Rd2 41. Kg3 Rxb2 42. c4 bxc4 43. bxc4 a4 44. c5 Rc2 45. Ra3 Rxc5
46. Rxa4 Kg7 47. Ra6 Kh6 48. Ra7 Rc2 49. Re7 Rc3+ 50. Kf2 Rc5 51. h4 Rc4 52.
Rxe5 Rxh4 53. Ra5 Rh1 54. Kg3 g5 55. Ra8 Kh5 56. Ra5 Rc1 57. Kh3 Rc3+ 58. g3
Kg6 59. Ra6+ Kh5 60. Ra5 Kg6 61. Ra6+ 1/2-1/2

[Event "OL-NORD WEST 1617 SF Hannover - SV Hell"]
[Site "?"]
[Date "2017.04.23"]
[Round "8.5"]
[White "Happe, Reinhold"]
[Black "Liebau, Andreas"]
[Result "1/2-1/2"]
[WhiteElo "2113"]
[BlackElo "2230"]
[PlyCount "54"]
[EventDate "2017.??.??"]

1. c4 e5 2. Nc3 Bb4 3. Nd5 Be7 4. Nf3 d6 5. d4 e4 6. Nd2 c6 7. Nxe7 Qxe7 8. e3
Nf6 9. Be2 O-O 10. O-O Re8 11. Re1 Bf5 12. Nf1 h6 13. Ng3 Bh7 14. b4 Nbd7 15.
a4 a5 16. bxa5 Rxa5 17. Bd2 Ra7 18. a5 Rea8 19. Bc3 b6 20. Qd2 bxa5 21. Rxa5
Rxa5 22. Bxa5 Nf8 23. Bc3 N8d7 24. Rb1 Qd8 25. Qb2 Rb8 26. Qa2 Ra8 27. Qb2 Rb8
1/2-1/2

[Event "OL-NORD WEST 1617 SF Hannover - SV Hell"]
[Site "?"]
[Date "2017.04.23"]
[Round "8.7"]
[White "zur Lage, Julian"]
[Black "Herrmann, Andreas"]
[Result "1-0"]
[WhiteElo "2134"]
[BlackElo "2164"]
[PlyCount "115"]
[EventDate "2017.??.??"]

1. d4 Nf6 2. Nf3 c5 3. d5 b5 4. Bg5 Ne4 5. Qd3 Nxg5 6. Nxg5 e6 7. h4 Bb7 8.
dxe6 fxe6 9. Nxh7 Qa5+ 10. Nd2 Nc6 11. Qg6+ Kd8 12. Nxf8 Rxf8 13. Qg5+ Ne7 14.
Qxg7 Rg8 15. Qe5 c4 16. h5 Nc6 17. Qf6+ Kc7 18. h6 Raf8 19. h7 Rh8 20. Qg7 Qb4
21. O-O-O Qe7 22. Qg3+ e5 23. Ne4 Rxh7 24. Nc3 Kb8 25. Rxh7 Qxh7 26. Nxb5 Qf7
27. Qa3 Qe7 28. f3 Qxa3 29. Nxa3 c3 30. Rxd7 e4 31. bxc3 Ne5 32. Re7 Ng4 33.
Nc4 Nh2 34. Ne3 Rg8 35. Kd2 Rg6 36. fxe4 Rg3 37. Rh7 Nxf1+ 38. Nxf1 Rxg2 39.
Ne3 Rg6 40. Nd5 Ba6 41. e5 Bc4 42. Nf4 Ra6 43. e6 Bxe6 44. Nxe6 Rxe6 45. Rh4
Kb7 46. Rc4 Rh6 47. a4 Rh1 48. e4 Rh2+ 49. Kd3 Rh3+ 50. Kd4 Rh4 51. Kd5 Rh2 52.
e5 Rd2+ 53. Ke6 Rxc2 54. Kd7 Rd2+ 55. Rd4 Rc2 56. c4 Kb6 57. e6 Kc5 58. Re4 1-0

[Event "OL-NORD WEST 1617 SF Hannover - SV Hell"]
[Site "?"]
[Date "2017.04.23"]
[Round "8.8"]
[White "Gabriel, Uwe"]
[Black "Weist, Thorben"]
[Result "1/2-1/2"]
[WhiteElo "2048"]
[BlackElo "1997"]
[PlyCount "87"]
[EventDate "2017.??.??"]

1. c4 c5 2. g3 g6 3. Bg2 Bg7 4. Nc3 Nc6 5. Nf3 d6 6. O-O e6 7. e3 Nge7 8. d4
O-O 9. b3 d5 10. Bb2 cxd4 11. exd4 dxc4 12. Ne2 cxb3 13. Qxb3 Nd5 14. Rfc1 Qb6
15. Qxb6 Nxb6 16. Ne5 Nxe5 17. dxe5 Nd5 18. Bxd5 exd5 19. Rc7 Re8 20. f4 Rb8
21. Bd4 a6 22. Rac1 g5 23. fxg5 Bg4 24. Nf4 Bxe5 25. Bxe5 Rxe5 26. h3 Be6 27.
h4 d4 28. Nxe6 fxe6 29. Rd7 Rd5 30. Re7 d3 31. Rxe6 d2 32. Rd1 Rc8 33. Kf2 Rc2
34. a3 Ra2 35. Re3 Ra5 36. Re8+ Kf7 37. Rh8 Kg7 38. Rd8 b5 39. h5 b4 40. Rd7+
Kg8 41. axb4 Rxg5 42. R1xd2 Rxd2+ 43. Rxd2 Rxh5 44. Rd6 1/2-1/2

[Event "OL-NORD WEST 1617 SV Werder Bremen - No"]
[Site "?"]
[Date "2017.04.23"]
[Round "8.1"]
[White "Kollen, Zyon"]
[Black "Steffens, Olaf"]
[Result "0-1"]
[WhiteElo "2331"]
[BlackElo "2233"]
[PlyCount "70"]
[EventDate "2017.??.??"]

1. e4 e6 2. d4 d5 3. Nc3 Nc6 4. e5 f6 5. Bb5 Bd7 6. Nf3 Qe7 7. O-O Qf7 8. Re1
Nge7 9. Qe2 O-O-O 10. Bf4 f5 11. a3 h6 12. h4 g5 13. hxg5 hxg5 14. Nxg5 Qg6 15.
Qe3 Bh6 16. g3 Rdg8 17. Bxc6 Bxc6 18. Nf3 Bxf4 19. Qxf4 Qh5 20. Kf1 Rg4 21. Qe3
f4 22. Qd3 fxg3 23. fxg3 Nf5 24. Ne2 Qh1+ 25. Kf2 Rh2+ 26. Nxh2 Qxh2+ 27. Kf3
Rxg3+ 28. Nxg3 Qxg3+ 29. Ke2 Bb5 30. Qxb5 Nxd4+ 31. Kd2 Nxb5 32. c3 c5 33. Re2
Kd7 34. Rf1 d4 35. c4 Nc3 0-1

[Event "OL-NORD WEST 1617 SV Werder Bremen - No"]
[Site "?"]
[Date "2017.04.23"]
[Round "8.2"]
[White "Krallmann, Matthias"]
[Black "Schulz, Jens"]
[Result "1-0"]
[WhiteElo "2131"]
[BlackElo "2192"]
[PlyCount "81"]
[EventDate "2017.??.??"]

1. d4 Nf6 2. c4 e6 3. Nf3 b6 4. g3 Ba6 5. b3 Bb4+ 6. Bd2 Be7 7. Bg2 c6 8. O-O
d5 9. Ne5 O-O 10. Bc3 Nfd7 11. Nxd7 Nxd7 12. Nd2 Nf6 13. e4 Rc8 14. Re1 Bb7 15.
Rc1 Rc7 16. Qe2 Qa8 17. Rcd1 Rd8 18. h3 h6 19. Kh2 dxe4 20. Nxe4 Rcd7 21. Nd2
c5 22. Bxb7 Qxb7 23. Nf3 cxd4 24. Rxd4 Bc5 25. Rxd7 Qxd7 26. b4 Be7 27. Ne5 Qc7
28. Qf3 Rc8 29. b5 Qc5 30. Nc6 Bf8 31. Bxf6 gxf6 32. Qxf6 Bg7 33. Qf4 a6 34.
Rd1 axb5 35. cxb5 Rf8 36. a4 e5 37. Qf3 Qc4 38. Ne7+ Kh8 39. Rd6 Qxa4 40. Qh5
Kh7 41. Nf5 1-0

[Event "OL-NORD WEST 1617 SV Werder Bremen - No"]
[Site "?"]
[Date "2017.04.23"]
[Round "8.3"]
[White "Oehne, Timo"]
[Black "Kardoeus, David"]
[Result "1/2-1/2"]
[WhiteElo "2134"]
[BlackElo "2168"]
[PlyCount "105"]
[EventDate "2017.??.??"]

1. e4 e5 2. Nf3 Nc6 3. Nc3 Nf6 4. d4 exd4 5. Nxd4 Bb4 6. Nxc6 bxc6 7. Bd3 d5 8.
exd5 O-O 9. O-O cxd5 10. h3 c6 11. Qf3 Bd6 12. Bf4 Be6 13. Bxd6 Qxd6 14. Rfd1
Rab8 15. b3 c5 16. Ne2 Qc7 17. Ng3 c4 18. Bf5 g6 19. Bxe6 fxe6 20. Qe2 e5 21.
h4 c3 22. h5 Rb4 23. Re1 Ng4 24. Rf1 Qc5 25. Rad1 Rbf4 26. b4 Qb6 27. Nh1 Re4
28. Qd3 Rd4 29. Qe2 gxh5 30. a3 Re4 31. Qd3 Rd4 32. Qe2 Re4 33. Qd3 Nf6 34.
Qxc3 Kh8 35. Ng3 d4 36. Qf3 Rf4 37. Qe2 Qe6 38. Nxh5 Nxh5 39. Qxh5 Rg8 40. g3
Rf5 41. Qh3 Rg6 42. Rfe1 Rh6 43. Qg2 Rfh5 44. Qa8+ Kg7 45. Qb7+ Kf6 46. Qf3+
Kg5 47. Kf1 Rf6 48. Qg2 Qf5 49. Rd3 Rh1+ 50. Ke2 Rxe1+ 51. Kxe1 Qe6 52. Qe4 Kh6
53. Qh4+ {(=)} 1/2-1/2

[Event "OL-NORD WEST 1617 SV Werder Bremen - No"]
[Site "?"]
[Date "2017.04.23"]
[Round "8.4"]
[White "Brinkmann, Fabian"]
[Black "Hoellmann, Ludger"]
[Result "1/2-1/2"]
[WhiteElo "2084"]
[BlackElo "2061"]
[PlyCount "85"]
[EventDate "2017.??.??"]

1. e4 e5 2. Nf3 Nc6 3. Bb5 a6 4. Ba4 Nf6 5. O-O Be7 6. Re1 b5 7. Bb3 d6 8. c3
O-O 9. h3 Nb8 10. d4 Nbd7 11. Nbd2 Bb7 12. Bc2 Re8 13. Nf1 Bf8 14. Ng3 g6 15.
Nh2 d5 16. dxe5 Nxe4 17. Nxe4 dxe4 18. Bxe4 Bxe4 19. Rxe4 Nxe5 20. Qxd8 Raxd8
21. Bg5 Nd3 22. Bxd8 Rxe4 23. Ng4 Re6 24. b4 c5 25. bxc5 h5 26. Nf6+ Kg7 27. c6
Rxc6 28. Ne8+ Kh6 29. h4 Re6 30. Bg5+ Kh7 31. Nf6+ Kg7 32. Rd1 Ne5 33. Rd8 Ng4
34. Nxg4 hxg4 35. Be3 Be7 36. Bd4+ Bf6 37. Kh2 Bxd4 38. Rxd4 Re2 39. a4 Rb2 40.
axb5 axb5 41. Rxg4 Kf6 42. Rb4 Rxf2 43. Kg3 {(=)} 1/2-1/2

[Event "OL-NORD WEST 1617 SV Werder Bremen - No"]
[Site "?"]
[Date "2017.04.23"]
[Round "8.5"]
[White "ter Stal, Rainer"]
[Black "Lai Hop, Duong"]
[Result "1/2-1/2"]
[WhiteElo "2138"]
[BlackElo "2175"]
[PlyCount "36"]
[EventDate "2017.??.??"]

1. d4 d5 2. Nf3 Nf6 3. c4 c6 4. e3 Bf5 5. cxd5 cxd5 6. Qb3 Qc7 7. Nc3 e6 8. Bd2
Nc6 9. Be2 Be7 10. O-O O-O 11. Rfc1 Rfc8 12. Na4 Ne4 13. Be1 Rab8 14. h3 h6 15.
Qd1 Qd8 16. Nd2 Nxd2 17. Bxd2 Bd6 18. Bb5 Qe7 {(=)} 1/2-1/2

[Event "OL-NORD WEST 1617 SV Werder Bremen - No"]
[Site "?"]
[Date "2017.04.23"]
[Round "8.6"]
[White "Schoetzig, Detlef"]
[Black "Stotyn, Fabian"]
[Result "1-0"]
[WhiteElo "2103"]
[BlackElo "2181"]
[PlyCount "77"]
[EventDate "2017.??.??"]

1. Nf3 Nf6 2. d4 d5 3. g3 e6 4. Bg2 Be7 5. O-O O-O 6. Bf4 b6 7. Ne5 Bb7 8. Nd2
Nh5 9. Ndf3 Nxf4 10. gxf4 c5 11. c3 c4 12. Qc2 f6 13. Ng4 g6 14. Nd2 Qc7 15. e3
Kg7 16. h3 Bd6 17. h4 h5 18. Nh2 g5 19. hxg5 fxg5 20. Nhf3 gxf4 21. Ng5 Re8 22.
Qh7+ Kf8 23. Qh6+ Qg7 24. Nxe6+ Rxe6 25. Qxe6 Bc7 26. Qf5+ Kg8 27. Kh1 Qf7 28.
Qxf7+ Kxf7 29. Nxc4 Nd7 30. exf4 Bxf4 31. Ne3 Nf6 32. Rae1 Rh8 33. c4 h4 34.
Nxd5 h3 35. Bf3 Bc6 36. Re7+ Kf8 37. Re6 Bxd5 38. Rxf6+ Ke7 39. Rxf4 1-0

[Event "OL-NORD WEST 1617 SV Werder Bremen - No"]
[Site "?"]
[Date "2017.04.23"]
[Round "8.7"]
[White "Bos, Robin"]
[Black "Elmali, Timur"]
[Result "1/2-1/2"]
[WhiteElo "1977"]
[BlackElo "2146"]
[PlyCount "118"]
[EventDate "2017.??.??"]

1. e4 d6 2. d4 Nf6 3. Nc3 g6 4. Be3 c6 5. f3 Nbd7 6. Qd2 Bg7 7. O-O-O Qa5 8.
Kb1 b5 9. Bd3 Nb6 10. g4 Be6 11. b3 Rb8 12. Nd5 Qxd2 13. Nxf6+ Bxf6 14. Rxd2
Nc4 15. Bxc4 bxc4 16. d5 cxd5 17. exd5 Bc8 18. Bxa7 Rb5 19. Ne2 h5 20. Bd4 Bxd4
21. Rxd4 cxb3 22. cxb3 hxg4 23. fxg4 Rh4 24. h3 f5 25. Kb2 fxg4 26. Rc1 Bf5 27.
hxg4 Rxg4 28. Rxg4 Bxg4 29. Nc3 Rb8 30. Rg1 Bf5 31. a4 Kd7 32. Ka3 e5 33. b4
Rc8 34. Kb3 Bd3 35. Rg4 Rf8 36. b5 Kc7 37. a5 Rf3 38. Rb4 e4 39. a6 Kb6 40.
Na4+ Ka5 41. a7 Rf8 42. b6 Ka6 43. Kc3 Kb7 44. Kd4 g5 45. Nc3 g4 46. Nxe4 Bxe4
47. Kxe4 g3 48. Ra4 g2 49. Ra1 Kxb6 50. Rg1 Kxa7 51. Rxg2 Re8+ 52. Kd4 Rh8 53.
Rc2 Rh4+ 54. Kd3 Kb6 55. Rc6+ Kb5 56. Rxd6 Kc5 57. Rd8 Rd4+ 58. Ke3 Rxd5 59.
Rxd5+ Kxd5 1/2-1/2

[Event "OL-NORD WEST 1617 SV Werder Bremen - No"]
[Site "?"]
[Date "2017.04.23"]
[Round "8.8"]
[White "Pollmann, Sascha"]
[Black "Scheffner, Jarno"]
[Result "1-0"]
[WhiteElo "2079"]
[BlackElo "1671"]
[PlyCount "113"]
[EventDate "2017.??.??"]

1. Nf3 Nf6 2. g3 g6 3. Bg2 Bg7 4. O-O O-O 5. d3 Nc6 6. e4 e5 7. Re1 h6 8. Nbd2
d5 9. c3 Bg4 10. Qc2 Qd7 11. b4 a6 12. Bb2 Rad8 13. a4 dxe4 14. dxe4 Qd3 15.
Qxd3 Rxd3 16. b5 axb5 17. axb5 Nd8 18. h3 Bxf3 19. Nxf3 Nd7 20. Ba3 Re8 21.
Red1 Rxd1+ 22. Rxd1 Nf6 23. Nxe5 Nxe4 24. Bxe4 Bxe5 25. c4 Bd6 26. Bxd6 Rxe4
27. Bxc7 Ne6 28. Bb6 Rxc4 29. Be3 Kg7 30. b6 g5 31. Rd7 Kf6 32. Rxb7 Rb4 33.
Rd7 Nf8 34. Ra7 Ne6 35. Kg2 Rb3 36. Kf1 Nd8 37. Bd4+ Ke6 38. Ra2 Nc6 39. Rb2
Rxb2 40. Bxb2 f5 41. Bg7 h5 42. Bh6 g4 43. hxg4 fxg4 44. b7 Kf5 45. Be3 Ke4 46.
Kg2 Nb8 47. Ba7 Na6 48. b8=Q Nxb8 49. Bxb8 Kd3 50. Kf1 Ke4 51. Ke2 Kf5 52. Ke3
Kg5 53. Bd6 Kf5 54. Bc7 Kg5 55. Ke4 Kf6 56. Kf4 Kg6 57. Bd8 1-0

[Event "OL-NORD WEST 1617 SV Tempo Göttin. - Ha"]
[Site "?"]
[Date "2017.04.23"]
[Round "8.1"]
[White "Izrailev, Alexander"]
[Black "Armbrust, Florian"]
[Result "1/2-1/2"]
[WhiteElo "2259"]
[BlackElo "2320"]
[PlyCount "110"]
[EventDate "2017.??.??"]

1. e4 c5 2. Nf3 d6 3. d4 cxd4 4. Nxd4 Nf6 5. Nc3 Nc6 6. Bg5 e6 7. Qd2 Be7 8.
O-O-O Nxd4 9. Qxd4 O-O 10. h4 h6 11. Bd2 e5 12. Qd3 Be6 13. f3 Nh5 14. Be1 Rc8
15. Nd5 Nf4 16. Nxe7+ Qxe7 17. Qxd6 Qxd6 18. Rxd6 Bxa2 19. Rd7 Bc4 20. Rxb7
Bxf1 21. Rxf1 Nxg2 22. Bf2 Nf4 23. Rd1 a6 24. Rdd7 Rfd8 25. Kd2 Rxd7+ 26. Rxd7
Rc6 27. b3 Rf6 28. c4 Ne6 29. Rd3 g5 30. hxg5 Nxg5 31. Ke2 Nh3 32. Rd8+ Kg7 33.
Be3 Nf4+ 34. Kf2 h5 35. b4 h4 36. b5 axb5 37. cxb5 Rg6 38. Bxf4 exf4 39. Rd1
Kh6 40. Rb1 Rb6 41. Kg2 Kg5 42. Kh3 f6 43. Rg1+ Kh6 44. Rb1 Kg5 45. Rb2 Kh5 46.
Rd2 Rxb5 47. Rd5+ Rxd5 48. exd5 Kg6 49. Kxh4 Kf5 50. Kh5 Ke5 51. Kg6 Kxd5 52.
Kxf6 Kd6 53. Kf5 Ke7 54. Kxf4 Kf6 55. Ke4 Ke6 1/2-1/2

[Event "OL-NORD WEST 1617 SV Tempo Göttin. - Ha"]
[Site "?"]
[Date "2017.04.23"]
[Round "8.2"]
[White "Petzold, Golo"]
[Black "Piepho, Niels"]
[Result "1/2-1/2"]
[WhiteElo "2279"]
[BlackElo "2246"]
[PlyCount "41"]
[EventDate "2017.??.??"]

1. d4 g6 2. Nf3 Nf6 3. g3 Bg7 4. Bg2 d6 5. O-O O-O 6. b3 Nc6 7. Bb2 Rb8 8. c4
a6 9. d5 Na5 10. Nbd2 c5 11. dxc6 Nxc6 12. e4 Bg4 13. h3 Bxf3 14. Bxf3 Nd7 15.
Bxg7 Kxg7 16. Re1 Nc5 17. Nf1 e5 18. Ne3 Ne6 19. Bg2 b5 20. h4 b4 21. Rc1 {(=)}
1/2-1/2

[Event "OL-NORD WEST 1617 SV Tempo Göttin. - Ha"]
[Site "?"]
[Date "2017.04.23"]
[Round "8.3"]
[White "Helmer, Christoph"]
[Black "Schmidt, Alexander"]
[Result "1/2-1/2"]
[WhiteElo "2125"]
[BlackElo "2120"]
[PlyCount "131"]
[EventDate "2017.??.??"]

1. e4 c5 2. Nf3 d6 3. d4 cxd4 4. Nxd4 Nf6 5. Nc3 a6 6. Be2 e6 7. a4 Nbd7 8. f4
Qc7 9. O-O b6 10. Bf3 Bb7 11. Qe1 Rb8 12. Kh1 h5 13. Bd2 Be7 14. Qf2 g6 15.
Rae1 e5 16. Nb3 Kf8 17. Bd1 Kg7 18. fxe5 dxe5 19. Bg5 Rbf8 20. Qh4 Bd8 21. Re3
Nh7 22. Be7 Re8 23. Bxd8 Qxd8 24. Qf2 Rhf8 25. Rd3 Nhf6 26. Bf3 Qc7 27. Rfd1
Re7 28. Qh4 Rh8 29. Rd6 Re6 30. Rxe6 fxe6 31. Qf2 Rf8 32. Qd2 Rf7 33. h3 Qc4
34. Qd3 Qb4 35. Qd6 Qxd6 36. Rxd6 Re7 37. Kg1 Kf7 38. Kf2 Re8 39. Ke3 Ke7 40.
Rd2 Rc8 41. Be2 g5 42. g3 Rxc3+ 43. bxc3 Nxe4 44. Bxh5 Nxd2 45. Nxd2 Nc5 46.
Nc4 Nxa4 47. Nxe5 Nxc3 48. h4 Nd5+ 49. Kd4 gxh4 50. gxh4 Nb4 51. Bd1 Nc6+ 52.
Nxc6+ Bxc6 53. Ke5 Bd5 54. Be2 a5 55. c4 Bb7 56. h5 Bc8 57. Bd1 Ba6 58. Bb3 a4
59. Bxa4 Bxc4 60. h6 Kf7 61. Bd7 Kg6 62. Bxe6 Be2 63. Kd6 Kxh6 64. Kc6 b5 65.
Kc5 Kg5 66. Bd7 1/2-1/2

[Event "OL-NORD WEST 1617 SV Tempo Göttin. - Ha"]
[Site "?"]
[Date "2017.04.23"]
[Round "8.4"]
[White "Markgraf, Stefan"]
[Black "Ljubarskij, Juri"]
[Result "0-1"]
[WhiteElo "2101"]
[BlackElo "2195"]
[PlyCount "116"]
[EventDate "2017.??.??"]

1. e4 e5 2. Nf3 Nc6 3. Bb5 a6 4. Ba4 Nf6 5. d3 d6 6. c3 Be7 7. O-O O-O 8. Re1
b5 9. Bb3 Na5 10. Bc2 c5 11. Nbd2 Re8 12. Nf1 h6 13. Ne3 Bf8 14. Bd2 Nc6 15.
Nd5 Nxd5 16. exd5 Ne7 17. c4 Bg4 18. b4 cxb4 19. Bxb4 Rc8 20. Bb3 a5 21. Bd2
Bd7 22. cxb5 Bxb5 23. d4 Ng6 24. dxe5 dxe5 25. Rc1 Bc5 26. a4 Ba6 27. Be3 Bb4
28. Rxc8 Qxc8 29. Bd2 Bc5 30. Qc2 Bb6 31. Qxc8 Bxc8 32. Bc3 f6 33. Nd2 Ba6 34.
Bc4 Rc8 35. Bxa6 Rxc3 36. Ne4 Rc2 37. Rb1 Nf4 38. d6 f5 39. g3 fxe4 40. gxf4
Bxf2+ 41. Kf1 exf4 42. d7 Bh4 43. Rb8+ Kf7 44. d8=Q Bxd8 45. Rxd8 e3 46. Be2 f3
47. Bxf3 Rf2+ 48. Ke1 Rxf3 49. Rd5 Rh3 50. Ke2 g5 51. Rxa5 Kg6 52. Re5 Rxh2+
53. Kxe3 Ra2 54. Re4 h5 55. Rb4 h4 56. Kf3 Kh5 57. Rc4 g4+ 58. Ke3 h3 0-1

[Event "OL-NORD WEST 1617 SV Tempo Göttin. - Ha"]
[Site "?"]
[Date "2017.04.23"]
[Round "8.5"]
[White "Meier-Hoffmann, Daniel"]
[Black "Liebig, Stefan"]
[Result "1-0"]
[WhiteElo "1984"]
[BlackElo "2162"]
[PlyCount "57"]
[EventDate "2017.??.??"]

1. d4 Nf6 2. Nf3 e6 3. e3 b6 4. Bd3 Bb7 5. b3 d5 6. Bb2 Bd6 7. O-O O-O 8. Nbd2
Nbd7 9. Ne5 c5 10. f4 Ne4 11. Rf3 Ndf6 12. Rh3 Qc7 13. Ndf3 cxd4 14. exd4 a5
15. a4 Ba6 16. Rc1 Rfc8 17. Ng5 Nxg5 18. fxg5 Ne4 19. Bxe4 dxe4 20. Qh5 Bxe5
21. Qxh7+ Kf8 22. dxe5 Qc5+ 23. Kh1 Ke7 24. Qxg7 Bd3 25. Qf6+ Kd7 26. Qxf7+ Kc6
27. cxd3 Qxc1+ 28. Bxc1 Kd5 29. dxe4+ 1-0

[Event "OL-NORD WEST 1617 SV Tempo Göttin. - Ha"]
[Site "?"]
[Date "2017.04.23"]
[Round "8.6"]
[White "Hagemann, Sven"]
[Black "Phunhon Lopez, Daniel Alejandr"]
[Result "1/2-1/2"]
[WhiteElo "2011"]
[BlackElo "1897"]
[PlyCount "126"]
[EventDate "2017.??.??"]

1. e4 c5 2. Nc3 e6 3. f4 d5 4. Nf3 d4 5. Ne2 Ne7 6. c3 d3 7. Ng3 Ng6 8. e5 Nc6
9. Qa4 Qd5 10. c4 Qd7 11. Nh5 Nb4 12. Qxd7+ Bxd7 13. Kf2 Bc6 14. Ne1 O-O-O 15.
a3 Nc2 16. Nxc2 dxc2 17. b3 f6 18. exf6 gxf6 19. Ra2 Bh6 20. d3 Rd4 21. Rxc2
Nxf4 22. Be3 Nh3+ 23. Ke2 Bxe3 24. Kxe3 f5 25. Ke2 Nf4+ 26. Nxf4 Rxf4 27. Rg1
Rg4 28. g3 f4 29. Bh3 Rg6 30. Kf1 Rhg8 31. Rf2 f3 32. Ke1 Rh6 33. Bf1 e5 34.
Kd2 Kc7 35. b4 b6 36. b5 Bb7 37. Kc3 Rd6 38. Bh3 e4 39. dxe4 Bxe4 40. Re1 Rd3+
41. Kb2 Rd4 42. Kc3 h5 43. Be6 Rgd8 44. Bd5 Rd3+ 45. Kb2 Bxd5 46. cxd5 R8xd5
47. Re7+ Kd6 48. Rxa7 Re3 49. Rc2 Rf5 50. Rd2+ Ke6 51. Rad7 f2 52. R2d6+ Ke5
53. Rd5+ Ke4 54. Rxf5 Re2+ 55. Kc3 Kxf5 56. Kd3 Ra2 57. Rf7+ Kg6 58. Rf8 Rxa3+
59. Ke4 Ra2 60. h4 Rb2 61. Kd5 Rxb5 62. Rxf2 Rb3 63. Rf8 Kg7 {(=)} 1/2-1/2

[Event "OL-NORD WEST 1617 SV Tempo Göttin. - Ha"]
[Site "?"]
[Date "2017.04.23"]
[Round "8.7"]
[White "Adibekian, Roubik"]
[Black "Petzold, Lutz Lukas"]
[Result "1/2-1/2"]
[WhiteElo "2218"]
[BlackElo "2246"]
[PlyCount "52"]
[EventDate "2017.??.??"]

1. d4 Nf6 2. Nf3 g6 3. Bg5 Bg7 4. Nbd2 d5 5. e3 O-O 6. Bd3 Nbd7 7. O-O b6 8.
Qe2 c5 9. c3 Bb7 10. e4 cxd4 11. cxd4 dxe4 12. Nxe4 Nxe4 13. Bxe4 Bxe4 14. Qxe4
Nf6 15. Qe2 Qd6 16. Rfe1 Rfe8 17. Rac1 Nd5 18. Qd2 Rac8 19. a3 e6 20. Rxc8 Rxc8
21. Rc1 Rc6 22. Bh4 Qc7 23. Rxc6 Qxc6 24. Bg3 Qc4 25. h4 h5 26. Be5 Qc8 {(=)}
1/2-1/2

[Event "OL-NORD WEST 1617 SV Tempo Göttin. - Ha"]
[Site "?"]
[Date "2017.04.23"]
[Round "8.8"]
[White "Kohlmeier, Frank"]
[Black "Usachyi, Vladimir"]
[Result "1/2-1/2"]
[WhiteElo "1951"]
[BlackElo "2134"]
[PlyCount "55"]
[EventDate "2017.??.??"]

1. e4 d6 2. d4 c6 3. Bd3 Nd7 4. Ne2 e5 5. c3 Ngf6 6. O-O Be7 7. f4 Qb6 8. Qb3
O-O 9. Qxb6 axb6 10. Nd2 Re8 11. fxe5 dxe5 12. Nf3 Bd6 13. Ng3 exd4 14. Nf5 Bc7
15. N5xd4 Nxe4 16. Bxe4 Rxe4 17. Ng5 Re7 18. Nf5 Re8 19. Nxg7 Kxg7 20. Rxf7+
Kg8 21. Rxh7 Ra5 22. Rh6 Re1+ 23. Kf2 Rae5 24. Rg6+ Kf8 25. Ne6+ Rxe6 26. Bh6+
Kf7 27. Rg7+ Kf6 28. Rxe1 1/2-1/2

[Event "OL-NORD WEST 1617 Bremer SG - Union Old"]
[Site "?"]
[Date "2017.04.23"]
[Round "8.1"]
[White "Bredemeier, Dirk"]
[Black "Zeitlein, Michael"]
[Result "1/2-1/2"]
[WhiteElo "2287"]
[BlackElo "2359"]
[PlyCount "26"]
[EventDate "2017.??.??"]

1. d4 Nf6 2. Nf3 g6 3. c4 Bg7 4. e3 O-O 5. Be2 d6 6. O-O Nbd7 7. Nc3 e5 8. Qc2
Re8 9. Rd1 exd4 10. Nxd4 Nc5 11. Bf3 Bg4 12. b3 Bxf3 13. Nxf3 Nfe4 {(=)}
1/2-1/2

[Event "OL-NORD WEST 1617 Bremer SG - Union Old"]
[Site "?"]
[Date "2017.04.23"]
[Round "8.2"]
[White "Borik, Otto"]
[Black "Meessen, Max"]
[Result "1/2-1/2"]
[WhiteElo "2371"]
[BlackElo "2228"]
[PlyCount "48"]
[EventDate "2017.??.??"]

1. Nf3 d5 2. c4 e6 3. d4 Nf6 4. g3 Be7 5. Bg2 O-O 6. Qc2 c5 7. cxd5 Nxd5 8.
dxc5 Qa5+ 9. Bd2 Qxc5 10. Qxc5 Bxc5 11. O-O Nc6 12. Rc1 Be7 13. Nc3 Bf6 14. Bg5
Nxc3 15. bxc3 Rd8 16. Rab1 Rb8 17. Be3 b6 18. Nd2 Na5 19. c4 Bd4 20. Bxd4 Rxd4
21. Nb3 Nxb3 22. axb3 Kf8 23. Rd1 Rxd1+ 24. Rxd1 Ke7 1/2-1/2